000 00624nam#a22002175a#4500
001 714
008 080624s2006####ag#####g######001#mdspa##
245 1 0 _aLeer X leer :
_bLecturas para estudiantes /
_cMinisterio de Educación, Ciencia y Tecnología.
250 _a1ª ed.
260 _aBuenos Aires :
_bEudeba,
_c2006.
300 _a187 p. ;
_c23 cm.
490 0 _aPlan Nacional de Lectura
110 2 _aMinisterio de Educación, Ciencia y Tecnología.
080 _a82
084 _aL35
653 _aLiteratura contemporánea
040 _aAR-ClEAG
_cAR-ClEAG
005 20241107184644.0
003 AR-ClEAG
942 _cBK
999 _c714
_d714
980 _62
_aEvangelina Gallicchio
_82
_gEvangelina Gallicchio